6-Letter Elements "Hangman" - Randomized - Statistics

General Stats
  • This quiz has been taken 840 times
  • The average score is 3 of 6
Answer Stats
Spelling % Correct
E
100%
I
94%
I
94%
A
90%
E
89%
I
83%
O
82%
A
81%
I
81%
I
81%
O
81%
O
81%
D
79%
E
79%
N
79%
I
78%
I
78%
A
76%
I
76%
N
76%
I
75%
O
75%
U
75%
U
75%
E
74%
E
74%
G
74%
I
74%
I
74%
O
74%
X
74%
Y
74%
E
72%
I
72%
M
71%
A
70%
E
70%
E
68%
N
68%
O
68%
M
67%
R
67%
U
67%
D
65%
I
65%
U
65%
I
64%
M
64%
U
63%
C
62%
O
61%
R
61%
U
61%
U
61%
U
61%
N
59%
B
57%
M
56%
M
56%
U
56%
U
54%
M
53%
R
52%
C
50%
M
50%
M
50%
M
48%
U
48%
D
44%
D
44%
M
44%
R
44%
S
44%
R
41%
C
39%
L
39%
R
39%
S
39%
U
39%
B
38%
L
38%
H
36%
C
33%
F
33%
L
33%
R
33%
R
33%
S
33%
S
33%
T
33%
C
32%
R
31%
B
30%
B
29%
P
28%
P
28%
V
28%
L
26%
N
26%
L
17%
C
13%
K
9%
No matching quizzes found
Score Distribution
Percent of People with Each Score
Percentile by Number Answered
Your Score History
You have not taken this quiz